[Event "World Blitz Women 2023"]
[Site "Samarkand UZB"]
[Date "2023.12.30"]
[Round "11.27"]
[White "Tohirjonova, Hulkar"]
[Black "Poliakova, Varvara"]
[Result "0-1"]
[WhiteElo "2144"]
[BlackElo "2049"]
[EventDate "2023.12.29"]

1. e4 e5 2. d4 exd4 3. Qxd4 Nc6 4. Qe3 Nf6 5. Nc3 Bb4 6. Bd2 d6 7. O-O-O
Be6 8. a3 Bc5 9. Qe1 Qe7 10. f3 a6 11. Nge2 O-O-O 12. Nf4 Rhe8 13. Qg3 Bd4
14. Ncd5 Bxd5 15. exd5 Na7 16. Bd3 Be5 17. Rhe1 Qf8 18. Be4 Kb8 19. Qh3
Nxe4 20. fxe4 h6 21. Nd3 Bf6 22. Qf3 Qe7 23. Re2 Nb5 24. Qf2 Bd4 25. Qf3
Rf8 26. a4 Na7 27. Be3 Bxe3+ 28. Qxe3 Rde8 29. Qd4 f6 30. Rde1 Nc8 31. Nb4
Qd7 32. b3 Ne7 33. Qc3 Ng6 34. Nd3 Ne5 35. Nxe5 Rxe5 36. Qg3 Rfe8 37. Kd2
b6 38. h4 h5 39. Qf3 a5 40. Kc1 Kb7 41. Kb2 R8e7 42. c3 Qe8 43. Kc2 c6 44.
dxc6+ Qxc6 45. Kb2 Qc5 46. g3 Qc6 47. Qd3 Kc7 48. Qf3 Qe8 49. Qd3 d5 50.
Qa6 Qc6 51. Qd3 dxe4 52. Qe3 f5 53. Qf4 Kb7 54. Qg5 g6 55. Qh6 Rc7 56. Re3
Rc5 57. Rc1 Qd5 58. Re2 Rd7 59. Qf4 Rc6 60. Qg5 Rcd6 61. Qf4 Qc6 62. Qg5
Rd3 63. Qh6 Qf6 64. Qf4 Rc7 65. Re3 Rcxc3 66. Rxc3 Qxc3+ 67. Ka2 Rd2+ 0-1

[Event "World Blitz Women 2023"]
[Site "Samarkand UZB"]
[Date "2023.12.30"]
[Round "11.28"]
[White "Ovezdurdyyeva, Jemal"]
[Black "Zhunusbekova, Aimonchok"]
[Result "1/2-1/2"]
[WhiteElo "2086"]
[BlackElo "1448"]
[EventDate "2023.12.29"]

1. d4 f5 2. c4 Nf6 3. Nc3 g6 4. g3 Bg7 5. Bg2 O-O 6. Nf3 d6 7. O-O c6 8. b3
Qe8 9. Bb2 h6 10. d5 Bd7 11. Nd4 g5 12. Qc2 Qh5 13. h3 g4 14. h4 f4 15. Ne4
c5 16. Ne6 f3 17. exf3 Bxe6 18. dxe6 gxf3 19. Bh3 Nc6 20. Nxf6+ Bxf6 21.
Bxf6 Rxf6 22. Qe4 Raf8 23. Rad1 Kh8 24. Rd5 Qe8 25. Rfd1 Nd4 26. R1xd4 cxd4
27. Qxd4 b5 28. Rxb5 Qg6 29. Qd1 Rf4 30. Kh2 R4f6 31. Rd5 Qe4 32. Rd2 Rg6
33. Qc2 Qxc2 34. Rxc2 Kg7 35. Rd2 Rgf6 36. Rd5 Kg6 37. Ra5 1/2-1/2

[Event "World Blitz Women 2023"]
[Site "Samarkand UZB"]
[Date "2023.12.30"]
[Round "11.29"]
[White "Zaksaite, Salomeja"]
[Black "Allahverdiyeva, Ayan"]
[Result "0-1"]
[WhiteElo "2065"]
[BlackElo "1852"]
[EventDate "2023.12.29"]

1. d4 e6 2. e3 b6 3. Nf3 Bb7 4. Bd3 g6 5. b3 Bg7 6. Bb2 c5 7. Nbd2 Ne7 8.
Qe2 Nbc6 9. h4 h6 10. c3 Rc8 11. O-O cxd4 12. exd4 Nd5 13. Be4 Nf6 14. Bd3
Ne7 15. c4 d5 16. Ba3 O-O 17. Ne5 Re8 18. Rfe1 dxc4 19. Nxf7 cxd3 20. Qxe6
Qd5 21. Nxh6+ Kh7 22. Qxd5 Nexd5 23. Nf7 Rxe1+ 24. Rxe1 Re8 25. Ng5+ Kg8
26. Rd1 Nc3 27. Ra1 Ne2+ 28. Kf1 Nxd4 29. Rd1 Ng4 30. Nc4 Ba6 31. Rxd3 Nc2
32. f3 Bxc4 33. bxc4 Re1# 0-1

[Event "World Blitz Women 2023"]
[Site "Samarkand UZB"]
[Date "2023.12.30"]
[Round "11.30"]
[White "Kurbonboeva, Sarvinoz"]
[Black "Karimova, Guldona"]
[Result "1-0"]
[WhiteElo "2054"]
[BlackElo "1547"]
[EventDate "2023.12.29"]

1. d4 Nf6 2. c4 c5 3. d5 e6 4. Nc3 exd5 5. cxd5 d6 6. e4 g6 7. Bf4 a6 8. a4
Bg7 9. Nf3 Bg4 10. h3 Bxf3 11. Qxf3 O-O 12. Bd3 Qe7 13. O-O Nbd7 14. Rfe1
Ne5 15. Qe3 Nxd3 16. Qxd3 Nd7 17. Bg3 Rfe8 18. Qc2 Rab8 19. f4 Qf6 20. Kh2
c4 21. a5 Rbc8 22. Re3 Qd4 23. Rae1 Qc5 24. e5 dxe5 25. fxe5 Bh6 26. R3e2
Nf8 27. e6 fxe6 28. dxe6 Re7 29. Bh4 Qd6+ 30. Kh1 Ree8 31. Ne4 Qd4 32. Nf6+
Kh8 33. Nxe8 Rxe8 34. Re4 Qd6 35. Bf6+ Kg8 36. Qxc4 Qc6 37. Qb3 Bg7 38. e7+
Ne6 39. Rxe6 Qd7 40. Rd6+ 1-0

[Event "World Blitz Women 2023"]
[Site "Samarkand UZB"]
[Date "2023.12.30"]
[Round "11.31"]
[White "Hamrakulova, Yulduz"]
[Black "Altynbek, Aiaru"]
[Result "1-0"]
[WhiteElo "1908"]
[BlackElo "1641"]
[EventDate "2023.12.29"]

1. d4 d5 2. c4 e6 3. Nc3 Nf6 4. Bg5 Be7 5. cxd5 exd5 6. e3 c6 7. Bd3 O-O 8.
Nge2 h6 9. Bh4 Nbd7 10. Qc2 Re8 11. O-O Ne4 12. Bxe7 Qxe7 13. Rae1 Ndf6 14.
f3 Nd6 15. Ng3 Qc7 16. e4 dxe4 17. fxe4 Qb6 18. Nce2 Ng4 19. Rf3 Nb5 20.
Bxb5 cxb5 21. h3 Nf6 22. Kh2 Bd7 23. d5 Rac8 24. Qd3 Qa5 25. Rd1 Qxa2 26.
Qd4 Qc4 27. Nc3 b4 28. Nb1 Qxd4 29. Rxd4 a5 30. Nd2 Rc2 31. b3 Rc3 32. Nc4
a4 33. bxa4 Bxa4 34. Rxc3 bxc3 35. Nd6 c2 36. Rc4 b5 37. Rc7 Bb3 38. Nxe8
Bc4 39. Ne2 Nxe8 40. Rc8 Bxe2 41. Rxc2 Bc4 42. Rd2 Kf8 43. d6 Nf6 44. d7
Nxd7 45. Rxd7 b4 46. Rb7 b3 47. Kg3 Ke8 48. Kf4 g5+ 49. Ke3 1-0

[Event "World Blitz Women 2023"]
[Site "Samarkand UZB"]
[Date "2023.12.30"]
[Round "11.32"]
[White "Kaliakhmet, Elnaz"]
[Black "Khamrakulova, Iroda"]
[Result "1-0"]
[WhiteElo "1839"]
[BlackElo "2132"]
[EventDate "2023.12.29"]

1. d4 d5 2. c4 Nf6 3. cxd5 Nxd5 4. e4 Nf6 5. Nc3 g6 6. Nf3 Bg7 7. Bc4 O-O
8. O-O c6 9. h3 Nbd7 10. Bf4 Nb6 11. Bb3 Bd7 12. Qe2 Qc8 13. Rad1 Re8 14.
Ne5 e6 15. a4 a5 16. Nd3 Nh5 17. Be3 Qc7 18. Rc1 Rad8 19. Rfd1 e5 20. dxe5
Bxe5 21. Nb5 Qb8 22. Bxb6 cxb5 23. Bxd8 Qxd8 24. Nxe5 Rxe5 25. Qd3 Re7 26.
Qxb5 Qe8 27. Qxa5 Nf4 28. Qd2 Nh5 29. Rc7 Bc6 30. Rxe7 Qxe7 31. Qd8+ Qxd8
32. Rxd8+ Kg7 33. Bd5 Bxa4 34. Bxb7 Nf6 35. e5 Ne8 36. b3 Bb5 37. Bd5 Nc7
38. Bc4 Bxc4 39. bxc4 Ne6 40. Rc8 f6 41. exf6+ Kxf6 42. c5 Ke7 43. c6 Kd6
44. Kf1 Nc7 45. Rh8 Kxc6 46. Rxh7 Nd5 47. Rh6 Ne7 48. Ke2 Kd5 49. Kf3 Ke5
50. Kg4 Kf6 51. Rh8 Nf5 52. Ra8 Kg7 53. f4 Kh6 54. Kf3 Nd4+ 55. Ke4 Nf5 56.
g4 Ng7 57. Rh8# 1-0

[Event "World Blitz Women 2023"]
[Site "Samarkand UZB"]
[Date "2023.12.30"]
[Round "11.33"]
[White "Khamrakulova, Shakhnoza"]
[Black "Nadirjanova, Nodira"]
[Result "0-1"]
[WhiteElo "2086"]
[BlackElo "2164"]
[EventDate "2023.12.29"]

1. e4 e6 2. d4 d5 3. exd5 exd5 4. c3 Bd6 5. Bd3 Ne7 6. Nf3 Bg4 7. Bg5 f6 8.
Bh4 Nbc6 9. O-O g5 10. Bg3 h5 11. Re1 Bxg3 12. fxg3 Kf7 13. h3 Bf5 14. Qc2
Qd7 15. Nh2 Bxd3 16. Qxd3 Qf5 17. Qd2 Rae8 18. Rf1 Qg6 19. Na3 g4 20. h4
Nf5 21. Qf4 Nd6 22. Rae1 Rxe1 23. Rxe1 Re8 24. Rf1 Re4 25. Qd2 Ne7 26. Rf2
Re6 27. Nf1 Ne4 28. Qf4 Nxf2 29. Qxf2 Qf5 30. Qd2 Kg6 31. Nc2 Qe4 32. Nce3
Nf5 33. Nxf5 Qxf5 34. b3 Qb1 35. Kf2 Qf5+ 36. Kg1 b6 37. c4 dxc4 38. bxc4
Qe4 39. a4 Rd6 40. d5 Qxc4 41. Ne3 Qe4 42. Qf2 c6 43. dxc6 Rxc6 44. a5 bxa5
45. Qd2 a4 46. Nd1 Rc2 47. Qb4 0-1

[Event "World Blitz Women 2023"]
[Site "Samarkand UZB"]
[Date "2023.12.30"]
[Round "11.34"]
[White "Yakimova, Mariya"]
[Black "Naisanga, Sheba Valentine"]
[Result "1-0"]
[WhiteElo "2098"]
[BlackElo "1358"]
[EventDate "2023.12.29"]

1. d4 d5 2. c4 e6 3. Nf3 Nf6 4. g3 Bb4+ 5. Nbd2 Nbd7 6. Bg2 O-O 7. O-O c5
8. cxd5 exd5 9. a3 Bxd2 10. Bxd2 c4 11. Bg5 h6 12. Bf4 b6 13. Ne5 Nxe5 14.
dxe5 Ne4 15. Qd4 Bb7 16. Bxe4 dxe4 17. Qxc4 Rc8 18. Qb3 Qd5 19. Qxd5 Bxd5
20. Rfd1 Rfd8 21. Rac1 Rxc1 22. Rxc1 Rd7 23. h4 Kh7 24. Kh2 Bb7 25. h5 g6
26. hxg6+ Kxg6 27. g4 a6 28. Kg3 Bd5 29. Rh1 Kg7 1-0

[Event "World Blitz Women 2023"]
[Site "Samarkand UZB"]
[Date "2023.12.30"]
[Round "12.1"]
[White "Munkhzul, Turmunkh"]
[Black "Gunina, Valentina"]
[Result "1/2-1/2"]
[WhiteElo "2211"]
[BlackElo "2348"]
[EventDate "2023.12.29"]

1. e4 c6 2. d4 d5 3. e5 c5 4. dxc5 e6 5. a3 Bxc5 6. b4 Be7 7. Nf3 f6 8. Bb2
Nc6 9. c4 a5 10. b5 Nxe5 11. Nxe5 fxe5 12. cxd5 Nf6 13. Bxe5 exd5 14. Be2
O-O 15. O-O Be6 16. Nd2 a4 17. Nf3 Ne4 18. Nd4 Bf7 19. Bf3 Bf6 20. Bxf6
Qxf6 21. Rc1 Rfd8 22. Re1 Nd6 23. Rc7 Re8 24. Rxe8+ Rxe8 25. h3 Qe5 26. Rc1
Nc4 27. Qd3 Nxa3 28. Qxa3 Qxd4 29. Ra1 Ra8 30. Rd1 Qc4 31. b6 Qc6 32. Qa2
Qxb6 33. Bxd5 Bxd5 34. Qxd5+ Kh8 35. Re1 h6 36. Re7 a3 37. Rxb7 Qd8 38.
Qxd8+ Rxd8 39. Ra7 Rd3 40. Kh2 Kh7 41. Ra6 Kg8 42. Ra7 Kh7 43. Ra6 Kg8 44.
Ra7 1/2-1/2

[Event "World Blitz Women 2023"]
[Site "Samarkand UZB"]
[Date "2023.12.30"]
[Round "12.2"]
[White "Kosteniuk, Alexandra"]
[Black "Charochkina, Daria"]
[Result "1-0"]
[WhiteElo "2455"]
[BlackElo "2254"]
[EventDate "2023.12.29"]

1. e4 c6 2. Nc3 d5 3. Nf3 dxe4 4. Nxe4 Nf6 5. Qe2 Nxe4 6. Qxe4 Nd7 7. d4
Nf6 8. Qd3 g6 9. Bg5 Bg7 10. O-O-O Bf5 11. Qe3 O-O 12. h3 Qa5 13. a3 Nd5
14. Qd2 Qa4 15. Bd3 Bxd3 16. Qxd3 b5 17. Bd2 b4 18. Qb3 Qa6 19. a4 Nb6 20.
Bxb4 Nxa4 21. Qa3 c5 22. Bxc5 Nxc5 23. dxc5 Qb5 24. Rd3 Rab8 25. Nd4 Qc4
26. Rhd1 Rfc8 27. c6 e5 28. Rc3 Qd5 29. Nf5 Qxg2 30. Ne7+ Kh8 31. Nxc8 Rxc8
32. c7 Bf6 33. Qa6 Qg5+ 34. Kb1 Qf5 35. Rf3 Qxf3 36. Qxc8+ Kg7 37. Qd7 1-0

[Event "World Blitz Women 2023"]
[Site "Samarkand UZB"]
[Date "2023.12.30"]
[Round "12.3"]
[White "Lagno, Kateryna"]
[Black "Dronavalli, Harika"]
[Result "1/2-1/2"]
[WhiteElo "2522"]
[BlackElo "2420"]
[EventDate "2023.12.29"]

1. e4 e5 2. Nf3 Nf6 3. Nc3 Nc6 4. Bb5 Bc5 5. O-O O-O 6. Bxc6 dxc6 7. d3 Nd7
8. Be3 Bd6 9. Nd2 Re8 10. Nc4 Nf8 11. Qh5 Ng6 12. Ne2 Qh4 13. Qxh4 Nxh4 14.
a4 Ng6 15. f4 Bg4 16. Nc3 exf4 17. Bd2 Be6 18. b3 Bc5+ 19. Kh1 Bd4 20. Rab1
Bxc3 21. Bxc3 Bxc4 22. bxc4 b6 23. Bd2 Re5 24. Bc3 Re6 25. Bd2 Re5 26. Bc3
Re6 27. Bd2 Re5 1/2-1/2

[Event "World Blitz Women 2023"]
[Site "Samarkand UZB"]
[Date "2023.12.30"]
[Round "12.4"]
[White "Mammadzada, Gunay"]
[Black "Garifullina, Leya"]
[Result "0-1"]
[WhiteElo "2408"]
[BlackElo "2216"]
[EventDate "2023.12.29"]

1. e4 c5 2. Nf3 d6 3. d4 cxd4 4. Nxd4 Nf6 5. Nc3 a6 6. Bd3 e5 7. Nde2 Be6
8. O-O Be7 9. f4 O-O 10. f5 Bd7 11. Nd5 Bc6 12. c4 Bxd5 13. exd5 Qb6+ 14.
Kh1 Nbd7 15. Nc3 Rac8 16. Qe2 Rfe8 17. Be3 Qc7 18. Rac1 e4 19. Bxe4 Bf8 20.
Bd3 Ne5 21. Bd4 Nc6 22. Qf2 Nxd4 23. Qxd4 Qe7 24. Qf4 Qe3 25. Qxe3 Rxe3 26.
Rf3 Rxf3 27. gxf3 Nd7 28. f4 g6 29. Re1 Nf6 30. Kg2 Rc7 31. Kf3 Be7 32.
fxg6 hxg6 33. f5 g5 34. Ne4 Nxe4 35. Rxe4 Kg7 36. a4 a5 37. b3 Kf6 38. Re2
Rc8 39. Rg2 Rh8 40. Ke2 Bd8 41. Kd2 Bb6 42. Kc2 Bd4 43. Be4 Be5 44. Kd3
Bxh2 45. c5 dxc5 46. Kc4 Bd6 47. Kb5 Rh4 48. Bc2 Rb4+ 0-1

[Event "World Blitz Women 2023"]
[Site "Samarkand UZB"]
[Date "2023.12.30"]
[Round "12.5"]
[White "Muzychuk, Anna"]
[Black "Bodnaruk, Anastasia"]
[Result "1-0"]
[WhiteElo "2447"]
[BlackElo "2260"]
[EventDate "2023.12.29"]

1. e4 c5 2. c3 Nf6 3. e5 Nd5 4. d4 cxd4 5. Nf3 Nc6 6. cxd4 d6 7. Bc4 Nb6 8.
Bb5 dxe5 9. Nxe5 Bd7 10. Nc3 Nxe5 11. dxe5 Bxb5 12. Nxb5 a6 13. Be3 Nc4 14.
Qa4 axb5 15. Qxb5+ Qd7 16. Qxc4 e6 17. O-O Rc8 18. Qb3 Qd5 19. Qxd5 exd5
20. Rfd1 Rc2 21. b3 Bb4 22. Rxd5 Ke7 23. a4 Rhc8 24. Rad1 Rb2 25. Rb5 Bc3
26. Rxb7+ Ke6 27. f4 f6 28. Rxg7 fxe5 29. fxe5 Bxe5 30. Rxh7 Rcc2 31. Rh6+
Kf7 32. Rf1+ Kg7 33. Rh5 Rxg2+ 34. Kh1 Rxh2+ 35. Rxh2 Rxh2+ 36. Kg1 Rb2 37.
Rf3 Kg6 38. Bc5 Rc2 39. b4 Bc3 40. a5 Bd2 41. Ra3 Bf4 42. a6 Bb8 43. a7
Bxa7 44. Rxa7 Kf5 45. Rf7+ Ke6 46. Rf2 Rc1+ 47. Kg2 Kd5 48. Kf3 Rc3+ 49.
Kf4 Kc6 50. Ke4 Rc1 51. Kd3 Kb5 52. Ra2 Rd1+ 53. Ke4 1-0

[Event "World Blitz Women 2023"]
[Site "Samarkand UZB"]
[Date "2023.12.30"]
[Round "12.6"]
[White "Danielian, Elina"]
[Black "Goryachkina, Aleksandra"]
[Result "1/2-1/2"]
[WhiteElo "2352"]
[BlackElo "2475"]
[EventDate "2023.12.29"]

1. d4 d5 2. Nf3 Nf6 3. c4 c6 4. e3 Bf5 5. Nc3 e6 6. Nh4 Bg6 7. Qb3 Qb6 8.
Nxg6 hxg6 9. Bd2 Nbd7 10. g3 Be7 11. Bg2 dxc4 12. Qxc4 e5 13. d5 cxd5 14.
Nxd5 Nxd5 15. Qxd5 Rd8 16. O-O Qxb2 17. Rab1 Qa3 18. Rxb7 O-O 19. Rxd7 Rxd7
20. Qxd7 Rd8 21. Qc6 Rxd2 22. Bd5 Kh7 23. Bxf7 Qd6 24. Qe8 Bf8 25. h4 Qe7
26. Bxg6+ Kh8 27. Qxe7 Bxe7 28. Bf7 g5 29. hxg5 Bxg5 30. Bb3 Kg7 31. Rc1
Bd8 32. Kg2 Bb6 33. Rc6 Bxe3 34. Rc7+ Kh6 35. Rf7 Bb6 36. Rf5 e4 37. Rf6+
Kg7 38. Rf7+ Kh6 39. Kf1 e3 40. fxe3 Bxe3 41. Ke1 Rb2 42. Rf3 Bb6 43. Kd1
Kg5 44. Ke1 Rg2 45. Kf1 Rb2 46. Rc3 Bd4 47. Rc2 1/2-1/2

[Event "World Blitz Women 2023"]
[Site "Samarkand UZB"]
[Date "2023.12.30"]
[Round "12.7"]
[White "Mkrtchyan, Mariam"]
[Black "Muzychuk, Mariya"]
[Result "0-1"]
[WhiteElo "2150"]
[BlackElo "2443"]
[EventDate "2023.12.29"]

1. Nf3 d5 2. g3 g6 3. d4 Bg7 4. c4 c6 5. cxd5 cxd5 6. Nc3 Nf6 7. Bg2 O-O 8.
Ne5 Bf5 9. O-O Nc6 10. Nxc6 bxc6 11. Na4 Ne4 12. Be3 Rb8 13. Rc1 Qa5 14. b3
Qb5 15. Nc5 Nxc5 16. Rxc5 Qa6 17. Qd2 Bd7 18. Rfc1 Rb5 19. Bf1 Re8 20. Bf4
Rxc5 21. Rxc5 Qb6 22. Be3 e6 23. Rc2 Rb8 24. Bf4 Rc8 25. Be3 Bf8 26. Qc1 a5
27. Rc3 Qb4 28. Qd2 Bg7 29. h4 h5 30. Kg2 Rb8 31. Qd3 a4 32. bxa4 Qxa4 33.
Ra3 Qb4 34. Rb3 Qd6 35. Rxb8+ Qxb8 36. Qc3 Qa7 37. a3 Bf8 38. Bc1 Qa4 39.
e3 Bd6 40. Be2 Bc8 41. Bb2 Ba6 42. Bxa6 Qxa6 43. Qb3 Qa5 44. a4 Qd2 45. Bc3
Qd3 46. Qb2 Qe4+ 47. Kh2 g5 48. hxg5 h4 49. Qe2 hxg3+ 50. fxg3 Qh4+ 51. Kg1
Qxg3+ 52. Kf1 Qh3+ 53. Ke1 Qh1+ 54. Qf1 Qe4 55. Bd2 Qb1+ 56. Ke2 Qa2 57.
Qd1 Qc4+ 58. Kf2 e5 59. dxe5 Bxe5 60. a5 Qh4+ 61. Ke2 Qg4+ 62. Ke1 Bg3+ 0-1

[Event "World Blitz Women 2023"]
[Site "Samarkand UZB"]
[Date "2023.12.30"]
[Round "12.8"]
[White "Stefanova, Antoaneta"]
[Black "Zhu, Jiner"]
[Result "1-0"]
[WhiteElo "2398"]
[BlackElo "2384"]
[EventDate "2023.12.29"]

1. d4 Nf6 2. Nf3 d5 3. e3 e6 4. Bd3 c5 5. b3 Nc6 6. Bb2 Be7 7. O-O O-O 8.
a3 b6 9. Ne5 Bb7 10. f4 Ne4 11. Nd2 f5 12. Ndf3 Bf6 13. Qe2 Rc8 14. c4 Qe7
15. Nxc6 Bxc6 16. Ne5 Bb7 17. a4 dxc4 18. Bxc4 Nd6 19. Bd3 Bd5 20. dxc5
bxc5 21. Nc4 Nxc4 22. Bxf6 Qxf6 23. Bxc4 Rfd8 24. Rfd1 h6 25. h3 Rd6 26.
Rac1 Rcd8 27. Bxd5 Rxd5 28. Rxd5 Rxd5 29. Kh2 Kh7 30. e4 Rd4 31. e5 Qh4 32.
g3 Qd8 33. Rc2 Rd1 34. h4 Qd4 35. Qf2 Qd5 36. Qg2 Qxb3 37. Rxc5 Qxa4 38.
Rc2 Qd4 39. Qf2 Qd5 40. Qg2 Qd3 41. Qe2 a5 42. Qxd3 Rxd3 43. Rc6 a4 44.
Rxe6 a3 45. Ra6 Rd2+ 46. Kh3 a2 47. h5 Kg8 48. Ra7 Kf8 49. g4 Rd3+ 50. Kh4
fxg4 51. Kxg4 Rd2 52. Kf5 Rf2 53. e6 Ke8 54. Ra8+ Ke7 55. Ra7+ Ke8 56. e7
Kf7 57. Ke5 Re2+ 58. Kf5 Rf2 59. Ke5 Re2+ 60. Kf5 Rh2 61. Kg4 Ke8 62. Kf5
Rxh5+ 63. Kg6 Rh2 64. Kxg7 h5 65. f5 Rg2+ 66. Kh6 h4 67. f6 Kf7 68. Ra8 Re2
69. Rf8+ 1-0

[Event "World Blitz Women 2023"]
[Site "Samarkand UZB"]
[Date "2023.12.30"]
[Round "12.9"]
[White "Salimova, Nurgyul"]
[Black "Assaubayeva, Bibisara"]
[Result "0-1"]
[WhiteElo "2343"]
[BlackElo "2476"]
[EventDate "2023.12.29"]

1. Nf3 Nf6 2. g3 g6 3. Bg2 Bg7 4. O-O O-O 5. d4 c6 6. c3 d6 7. Nbd2 Nbd7 8.
Qc2 e5 9. dxe5 dxe5 10. Nc4 Qc7 11. Rd1 Nd5 12. e4 N5b6 13. Nd6 Nc5 14.
Nxc8 Raxc8 15. Be3 Ne6 16. b3 Qe7 17. a4 c5 18. Bh3 Rc7 19. a5 Nd7 20. Rd2
Nb8 21. Rad1 Nc6 22. Bxe6 fxe6 23. Ne1 Nd4 24. cxd4 cxd4 25. Qd3 Rc3 26.
Qe2 dxe3 27. fxe3 Qc5 28. Ng2 Bh6 29. Rd3 Qxa5 30. h4 Rxd3 31. Qxd3 Qa2 32.
g4 Qf2+ 33. Kh1 Rf3 34. Qd8+ Bf8 35. Kh2 Qg3+ 36. Kh1 Rf2 0-1

[Event "World Blitz Women 2023"]
[Site "Samarkand UZB"]
[Date "2023.12.30"]
[Round "12.10"]
[White "Omonova, Umida"]
[Black "Koneru, Humpy"]
[Result "0-1"]
[WhiteElo "2304"]
[BlackElo "2452"]
[EventDate "2023.12.29"]

1. e4 e5 2. Nf3 Nc6 3. Bc4 Nf6 4. d3 h6 5. O-O d6 6. a4 g5 7. Be3 Bg7 8.
Nbd2 d5 9. exd5 Nxd5 10. Bc5 Be6 11. c3 Qd7 12. a5 a6 13. d4 O-O-O 14. Qb3
g4 15. Nxe5 Nxe5 16. dxe5 Qc6 17. Bd4 Nf4 18. f3 Ne2+ 19. Kh1 Nxd4 20. cxd4
Rxd4 21. Bxe6+ Qxe6 22. Qc2 Rhd8 23. Rac1 Bxe5 24. Nb3 R4d5 25. Nc5 Qd6 26.
Qf5+ Kb8 27. Ne4 Qe6 28. Qh5 Bxb2 29. Nc5 Rxh5 30. Nxe6 fxe6 31. Rb1 Bd4
32. fxg4 Rhd5 33. h4 e5 34. Rf6 R5d6 35. Rf7 Rg8 36. Rc1 Rc6 37. Rcf1 0-1

[Event "World Blitz Women 2023"]
[Site "Samarkand UZB"]
[Date "2023.12.30"]
[Round "12.11"]
[White "Wagner, Dinara"]
[Black "Shuvalova, Polina"]
[Result "1-0"]
[WhiteElo "2350"]
[BlackElo "2342"]
[EventDate "2023.12.29"]

1. d4 Nf6 2. c4 e6 3. Nf3 d5 4. g3 Be7 5. Bg2 O-O 6. Qc2 c6 7. O-O b6 8.
Rd1 Bb7 9. b3 Nbd7 10. Nc3 Ba6 11. Bf4 Rc8 12. e4 dxc4 13. Nd2 b5 14. bxc4
bxc4 15. Qa4 Bb5 16. Qc2 h6 17. Rab1 g5 18. Be3 Ng4 19. e5 Nb6 20. Re1 Ba6
21. Nce4 Kg7 22. Nc5 Nxe3 23. fxe3 Bb5 24. a4 Bxc5 25. axb5 Bxd4 26. exd4
Qxd4+ 27. Kh1 cxb5 28. Rxb5 Rfd8 29. Ne4 Nd5 30. Nd6 Rc7 31. Rbb1 c3 32.
Rbd1 Qg4 33. Rc1 a5 34. Qf2 Qb4 35. Bxd5 exd5 36. Qf6+ Kh7 37. Nf5 Qf8 38.
Rf1 Re8 39. Nd6 Ree7 40. Qf5+ Kg7 41. Qf6+ Kh7 42. e6 d4 43. Nxf7 Qa8+ 44.
Kg1 Qf8 45. Qf5+ Kg7 46. Qe5+ Kh7 47. Rf6 Qg7 48. Qf5+ Kg8 49. Nxh6+ Kh8
50. Rf8+ 1-0

[Event "World Blitz Women 2023"]
[Site "Samarkand UZB"]
[Date "2023.12.30"]
[Round "12.12"]
[White "Lei, Tingjie"]
[Black "Priyanka, Nutakki"]
[Result "1-0"]
[WhiteElo "2530"]
[BlackElo "2224"]
[EventDate "2023.12.29"]

1. e4 Nc6 2. Bc4 e6 3. Nc3 Nf6 4. Nf3 d5 5. exd5 exd5 6. Bb5 Bg4 7. O-O Be7
8. h3 Bd7 9. d4 O-O 10. Re1 h6 11. Bf4 a6 12. Bf1 Bf5 13. Ne5 Bd6 14. a3
Re8 15. Rc1 Re7 16. Nxc6 bxc6 17. Qd2 Ne4 18. Nxe4 Bxe4 19. f3 Bg6 20. c3
a5 21. Rxe7 Qxe7 22. Bxd6 Qxd6 23. b4 axb4 24. axb4 Qf6 25. Re1 Kh7 26. Qe2
Ra3 27. Qd2 Qh4 28. Rc1 Qe7 29. Kf2 Qf6 30. Re1 Qh4+ 31. g3 Qd8 32. h4 Qa8
33. Re2 Ra1 34. Bh3 Qa3 35. Bg4 Rc1 36. h5 Bb1 37. Qf4 Qxc3 38. Bf5+ Bxf5
39. Qxf5+ 1-0

[Event "World Blitz Women 2023"]
[Site "Samarkand UZB"]
[Date "2023.12.30"]
[Round "12.13"]
[White "Pourkashiyan, Atousa"]
[Black "Ju, Wenjun"]
[Result "0-1"]
[WhiteElo "2221"]
[BlackElo "2522"]
[EventDate "2023.12.29"]

1. e4 e5 2. Nf3 Nc6 3. Bb5 Nf6 4. d3 Bc5 5. O-O Nd4 6. Nxd4 Bxd4 7. c3 Bb6
8. Bc4 c6 9. Nd2 d5 10. exd5 cxd5 11. Bb5+ Bd7 12. Bxd7+ Nxd7 13. d4 O-O
14. dxe5 Nxe5 15. Nf3 Re8 16. Nxe5 Rxe5 17. Bf4 Re6 18. Qd3 Qd7 19. Rad1
Rd8 20. Bg5 f6 21. Bf4 Re7 22. h3 Qe6 23. Qf3 Qe4 24. Qg3 Qf5 25. Rd2 Rde8
26. Qf3 Re4 27. Bg3 Qxf3 28. gxf3 Re2 29. Rfd1 Rxd2 30. Rxd2 Rd8 31. Bf4 a6
32. Be3 Bc7 33. b3 Kf7 34. Kf1 Ke6 35. Ke2 g6 36. Kd3 Kf5 37. Rd1 Be5 38.
Rg1 Rc8 39. Bd2 Rc6 40. h4 Rc8 41. Rh1 h5 42. Rg1 Rd8 43. Be3 Bc7 44. Rd1
Be5 45. Rg1 Rg8 46. Kc2 Rc8 47. Bd2 Bxc3 48. Bxc3 d4 49. Kd3 dxc3 50. Rc1
c2 51. Kd2 g5 52. hxg5 fxg5 53. b4 h4 54. a4 h3 55. b5 axb5 56. axb5 Kf4
57. b6 Rc6 58. Kd3 Kxf3 59. Kd2 h2 60. Rh1 c1=Q+ 61. Rxc1 Rxc1 62. Kxc1
h1=Q+ 0-1

[Event "World Blitz Women 2023"]
[Site "Samarkand UZB"]
[Date "2023.12.30"]
[Round "12.14"]
[White "Tan, Zhongyi"]
[Black "Rakshitta, Ravi"]
[Result "1-0"]
[WhiteElo "2519"]
[BlackElo "2225"]
[EventDate "2023.12.29"]

1. d4 Nf6 2. c4 Nc6 3. Nf3 e6 4. g3 Bb4+ 5. Bd2 a5 6. Bg2 d6 7. O-O O-O 8.
Bg5 a4 9. a3 Ba5 10. Qxa4 Bd7 11. Qc2 e5 12. d5 Ne7 13. Bxf6 gxf6 14. Nc3
f5 15. Nh4 e4 16. Bh3 Qc8 17. Qc1 Ng6 18. Kh1 f4 19. Bxd7 Qxd7 20. Nxe4 f5
21. Nxg6 hxg6 22. Ng5 fxg3 23. hxg3 Kg7 24. Ne6+ Kf7 25. Nxf8 Rxf8 26. Kg2
Bb6 27. Qh6 Bd4 28. Rh1 Qe7 29. Qf4 Qxe2 30. Qxd4 1-0

[Event "World Blitz Women 2023"]
[Site "Samarkand UZB"]
[Date "2023.12.30"]
[Round "12.15"]
[White "Shukhman, Anna"]
[Black "Vaishali, Rameshbabu"]
[Result "1-0"]
[WhiteElo "2093"]
[BlackElo "2410"]
[EventDate "2023.12.29"]

1. e4 e5 2. Nf3 Nc6 3. d4 exd4 4. Nxd4 Nf6 5. Nxc6 bxc6 6. Nd2 d6 7. b3 g6
8. Bb2 Bg7 9. Bd3 O-O 10. O-O a5 11. a4 Ba6 12. Bxa6 Rxa6 13. Qf3 Re8 14.
Rfe1 Nd7 15. Bxg7 Kxg7 16. Nc4 Qf6 17. Qxf6+ Kxf6 18. Rad1 Nb6 19. Nd2 Raa8
20. f4 Re7 21. Kf2 Rae8 22. g4 g5 23. e5+ Kg7 24. exd6 cxd6 25. fxg5 d5 26.
Nf3 Re4 27. Rxe4 Rxe4 28. Rd4 Re6 29. h4 c5 30. Rf4 d4 31. Rf5 Nd7 32. Rd5
Re7 33. h5 h6 34. gxh6+ Kxh6 35. Nh4 Kh7 36. Nf5 Nf6 1-0

[Event "World Blitz Women 2023"]
[Site "Samarkand UZB"]
[Date "2023.12.30"]
[Round "12.16"]
[White "Khademalsharieh, Sarasadat"]
[Black "Narva, Mai"]
[Result "0-1"]
[WhiteElo "2395"]
[BlackElo "2292"]
[EventDate "2023.12.29"]

1. d4 g6 2. g3 Bg7 3. c4 d6 4. Bg2 Nd7 5. Nc3 e5 6. Nf3 Ne7 7. O-O O-O 8.
dxe5 dxe5 9. Qc2 c6 10. Rd1 Qc7 11. Ne4 Nf5 12. e3 Nf6 13. Nfd2 Rd8 14. b3
Nd6 15. Nxd6 Rxd6 16. Bb2 Rd8 17. h3 Bf5 18. e4 Be6 19. c5 b6 20. Nc4 Nd7
21. cxb6 axb6 22. a4 b5 23. Nd6 Bf8 24. Nxb5 Qb6 25. Nd6 Bxb3 26. Qc3 Bxd1
27. Rxd1 Qc5 28. Nc4 Qb4 29. Qc1 f6 30. a5 Nc5 31. Rxd8 Rxd8 32. Ba3 Qb3
33. Bf1 Rd1 34. Qe3 Qxc4 0-1